Online
Catalog

La Batalla de las Carreras : (Record no. 38305)

MARC details
000 -CABECERA
campo de control de longitud fija 01437nam a2200313 i 4500
001 - NÚMERO DE CONTROL
campo de control 000038815
003 - IDENTIFICADOR DEL NÚMERO DE CONTROL
campo de control DO-SdBNP
005 - FECHA Y HORA DE LA ÚLTIMA TRANSACCIÓN
campo de control 20241022144804.0
007 - CAMPO FIJO DE DESCRIPCIÓN FÍSICA--INFORMACIÓN GENERAL
campo de control de longitud fija ta
008 - DATOS DE LONGITUD FIJA--INFORMACIÓN GENERAL
campo de control de longitud fija 100407e1972 dr 000 0 spa d
040 ## - FUENTE DE LA CATALOGACIÓN
Centro catalogador/agencia de origen DO-SdBNP
Lengua de catalogación spa
Centro/agencia transcriptor BNPHU
Normas de descripción rda
082 #4 - NÚMERO DE LA CLASIFICACIÓN DECIMAL DEWEY
Número de clasificación 972.9304
Número de documento/Ítem H565b, 1971
Número de edición 22
100 1# - ENTRADA PRINCIPAL--NOMBRE DE PERSONA
Código de función/relación aut.
Nombre de persona Herrera, César A.,
Fechas asociadas al nombre 1910-1988
Término indicativo de función/relación autor
9 (RLIN) 8333
245 13 - MENCIÓN DE TÍTULO
Título La Batalla de las Carreras :
Resto del título sus antecedentes históricos y consecuencias trascendentales /
Mención de responsabilidad, etc. César A. Herrera.
250 ## - MENCIÓN DE EDICIÓN
Mención de edición 3a. edición
264 ## - PRODUCCIÓN, PUBLICACIÓN, DISTRIBUCIÓN, FABRICACIÓN Y COPYRIGHT
Producción, publicación, distribución, fabricación y copyright Santo Domingo :
Nombre del de productor, editor, distribuidor, fabricante Ediciones Renovación,
Fecha de producción, publicación, distribución, fabricación o copyright 1972.
300 ## - DESCRIPCIÓN FÍSICA
Extensión 107 páginas ;
Dimensiones 21 cm.
336 ## - TIPO DE CONTENIDO
Término de tipo de contenido texto
Código de tipo de contenido txt
Fuente rdacontent
337 ## - TIPO DE MEDIO
Nombre/término del tipo de medio sin mediación
Código del tipo de medio n
Fuente rdamedia
338 ## - TIPO DE SOPORTE
Nombre/término del tipo de soporte volumen
Código del tipo de soporte nc
Fuente rdacarrier
500 ## - NOTA GENERAL
Nota general (Primer premio en el Certamen Histórico organizado por la Academia Dominicana de la Historia, la Academia Dominicana de la Lengua y el Ateneo Dominicano, en celebración, en 1948, del Primer Centenario de la gloriosa batalla).
500 ## - NOTA GENERAL
Nota general Esta 3a. edición tiene en su portada la fecha del 1971, pero esta fue impresa en el 1972.
586 ## - NOTA DE PREMIOS
Nota de premios Primer premio en el Certámen Histórico Organizado por la Academia Dominicana dde la Historia
590 ## - NOTA LOCAL (RLIN)
Nota local Inventariado, 2024 / YL
600 #4 - PUNTO DE ACCESO ADICIONAL DE MATERIA--NOMBRE DE PERSONA
Nombre de persona Santana Familias, Pedro
Fechas asociadas al nombre 1801-1864
Subdivisión general Vida militar
9 (RLIN) 86756
650 #4 - PUNTO DE ACCESO ADICIONAL DE MATERIA--TÉRMINO DE MATERIA
Término de materia o nombre geográfico como elemento de entrada Historia
Subdivisión cronológica 1844-1861
Subdivisión geográfica República Dominicana
9 (RLIN) 86757
910 ## - DATOS DE OPCIÓN DEL USUARIO (OCLC)
Datos de opción del usuario Inventariado, 2020 / DG
942 ## - ELEMENTOS DE PUNTO DE ACCESO ADICIONAL (KOHA)
Fuente del sistema de clasificación o colocación Dewey Decimal Classification
Tipo de ítem Koha Libro
Holdings
Estado de retiro Estado de pérdida Fuente del sistema de clasificación o colocación Restricciones de uso No para préstamo Código de colección Localización permanente Ubicación/localización actual Ubicación en estantería Fecha de adquisición Fuente de adquisición Total de préstamos Signatura topográfica completa Código de barras Fecha visto por última vez Precio válido a partir de Tipo de ítem Koha Número de copia Nota pública
    Dewey Decimal Classification Excluido de préstamo   Patrimonio Dominicano Biblioteca Nacional Pedro Henríquez Ureña Biblioteca Nacional Pedro Henríquez Ureña En catalogación 25.04.2013 Donado por la Presidencia   BNPHU PD 972.9304 H565b, 1972 38815-10 25.06.2020 25.06.2020 Libro    
    Dewey Decimal Classification Excluido de préstamo   Patrimonio Dominicano Biblioteca Nacional Pedro Henríquez Ureña Biblioteca Nacional Pedro Henríquez Ureña En catalogación 01.12.2014 Donado por Barbara Suncar   BNPHU PD H565b, 1972 2024-0202 25.06.2020 25.06.2020 Libro e. 2 Perteneció a la biblioteca personal de Bárbara Suncar
    Dewey Decimal Classification Préstamo en sala   Dominicana de Servicio Biblioteca Nacional Pedro Henríquez Ureña Biblioteca Nacional Pedro Henríquez Ureña En catalogación 07.08.2013 Donado por Familia Reyes Duluc   BNPHU DS H565b, 1972 2024-6079 22.10.2024 22.10.2024 Libro e. 3 Perteneció a la biblioteca personal de la Flia. Reyes Duluc

Powered by Koha